[Event "Milan Crespi op-B 28th"]
[Site "Milan"]
[Date "2007.12.08"]
[Round "5"]
[White "Casale, Anania"]
[Black "Fiorelli, Paolo"]
[Result "1/2-1/2"]
[WhiteElo "1711"]
[BlackElo "1500"]
[PlyCount "111"]
[EventDate "2007.12.06"]
[EventType "swiss"]
[EventRounds "6"]
[EventCountry "ITA"]
[SourceTitle "EXT 2009"]
[Source "ChessBase"]
[SourceDate "2008.11.26"]
[SourceVersion "1"]
[SourceVersionDate "2008.11.26"]
[SourceQuality "1"]

1. d4 Nf6 2. c4 d6 3. Nc3 g6 4. e4 Bg7 5. f3 0-0 6. Be3 e5 7. d5 Nh5 8. Nge2 Nd7 9. Qd2 Nb6 10. Ng3 Nf4 11. Bd3 Nxd3+ 12. Qxd3 Nd7 13. h4 h5 14. Qd2 Kh7 15. Bg5 f6 16. Be3 Nb6 17. Qe2 Bd7 18. 0-0-0 Na4 19. Nxa4 Bxa4 20. Rdf1 c5 21. f4 exf4 22. Bxf4 Bd7 23. Nxh5 gxh5 24. Qxh5+ Kg8 25. Qg6 Be8 26. Qg3 f5 27. h5 Kh7 28. h6 Bd4 29. Re1 Rg8 30. Qh3 Qf6 31. Qxf5+ Qxf5 32. exf5 Rxg2 33. Re7+ Kh8 34. Bxd6 Bxb2+ 35. Kb1 b6 36. Be5+ Bxe5 37. Rxe5 Ba4 38. f6 Bc2+ 39. Ka1 Rf8 40. Re6 Rf2 41. Re7 a5 42. d6 R2xf6 43. d7 Ba4 44. h7 Rd8 45. Rg1 Bxd7 46. Rgg7 Ba4 47. Rg4 Rf2 48. Re1 Rdf8 49. Rg6 R2f6 50. Rg2 Kxh7 51. Re7+ R8f7 52. Re8 Rf1+ 53. Kb2 R7f2+ 54. Rxf2 Rxf2+ 55. Ka3 Bc6 56. Re6 1/2-1/2